20 Biggest Cities in The Bahamas - Statistics

General Stats
  • This quiz has been taken 11 times
  • The average score is 6 of 20
Answer Stats
Hint Answer % Correct
1 Nassau
100%
2 Freeport
60%
13 Alice Town
40%
9 Marsh Harbour
40%
18 Andros Town
30%
16 Cockburn Town
30%
7 George Town
30%
8 High Rock
30%
12 Spanish Wells
30%
5 West End
30%
14 Arthurs Town
20%
10 Clarence Town
20%
11 Dunmore Town
20%
15 Matthew Town
20%
20 Port Nelson
20%
4 San Andros
20%
17 Colonel Hill
10%
3 Lucaya
10%
19 Abrahams Bay
0%
6 Coppers City
0%
No matching quizzes found
Score Distribution
Percent of People with Each Score
Percentile by Number Answered
Your Score History
You have not taken this quiz